000 00669nam a2200241Ia 4500
003 OSt
005 20221007074758.0
006 a|||||r|||| 00| 0
007 ta
008 221006b |||||||| |||| 00| 0 eng d
024 _a16,143
037 _cTextual
040 _aFLL
_cFLL
_beng
041 _2eng
_aeng
082 _aX7291:Z231qN59, M1
100 _aAdhiya S.N. Au.
_9693106
245 0 _aCompilation of bombay sales tax act and rules
250 _a2nd
260 _aNagpur
_bWadhwa sales corporation India
_c1981
300 _a770p
_ccm.
942 _hX7291:Z231qN59, M1
_cTEXL
_2CC
999 _c1153637
_d1153637